000 01733cam a2200133 4500500
005 20260208000023.0
041 _afre
042 _adc
100 1 0 _aBrison, Sylvain
_eauthor
245 0 0 _aL'imagination théologico-politique de l'Église : Vers une ecclésiologie narrative avec William T. Cavanaugh
260 _bÉditions du Cerf,
_c2020.
520 _aLa question du rapport de l’Église au monde est marquée par un double constat d’échec. D’un côté, la théologie politique a largement négligé le thème de l’Église ; de l’autre, la théologie récente l’a renvoyée aux domaines du droit et de l’éthique. Ainsi de nombreuses questions se posent : une théologie politique chrétienne est-elle réellement possible ? Les chrétiens sont-ils contraints à condamner le monde ou à le fuir ? Le religieux doit-il être inexorablement séparé de la sphère civile ? Comment l’Église participe-t-elle à l’avènement du Royaume de Dieu en ce monde ? C’est à ces questions capitales que répond l’essai de Sylvain Brison en analysant comment la notion d’imagination implique un rapport renouvelé de l’Église au monde. En s’inscrivant dans la lignée du théologien William T. Cavanaugh, il explore la manière dont l’imagination à l’oeuvre dans l’Église opère une double fonction de critique du monde et de transformation de celui-ci en vue du Royaume de Dieu. Cet essai passionnant constitue un traité exigeant sur la liberté, illustrant le devoir éthique et l’engagement moral des disciples de Jésus à réparer le monde.
856 4 1 _uhttps://shs.cairn.info/l-imagination-theologico-politique-de-l-eglise--9782204138406?lang=fr&redirect-ssocas=7080
999 _c1643476
_d1643476